Management reset : organizing for sustainable effectiveness /

Provocative new management principles and practices that create effective organizations for shareholders and society. Management experts Lawler and Worley have developed a set of management principles that enable organizations to be both successful and responsible. Existing command andcontrol and hi...

Full description

Bibliographic Details
Main Author: Lawler, Edward E., III
Other Authors: Worley, Christopher G., Creelman, David
Format: Book
Language:English
Published: San Francisco : Jossey-Bass, [2011]
Edition:1st ed.
Subjects:

MARC

Tag First Indicator Second Indicator Subfields
LEADER 00000cam a2200000 a 4500
001 in00002782387
005 20151202172508.0
008 101129s2011 caua b 001 0 eng
010 |a  2010050246 
020 |a 9780470637982 (hardback) 
020 |a 0470637986 (hardback) 
035 |a (OCoLC)ocn668195899 
040 |a DLC  |c DLC  |d TXA  |d UtOrBLW 
049 |a TXAM 
050 0 0 |a HD58.9  |b .L389 2011 
082 0 0 |a 658.4/08  |2 22 
100 1 |a Lawler, Edward E.,  |c III. 
245 1 0 |a Management reset :  |b organizing for sustainable effectiveness /  |c Edward E. Lawler III and Christopher G. Worley, with David Creelman ; foreword by Michael Crooke. 
250 |a 1st ed. 
264 1 |a San Francisco :  |b Jossey-Bass,  |c [2011] 
264 4 |c ©2011 
300 |a xv, 336 pages :  |b illustrations ;  |c 24 cm. 
336 |a text  |b txt  |2 rdacontent 
337 |a unmediated  |b n  |2 rdamedia 
338 |a volume  |b nc  |2 rdacarrier 
504 |a Includes bibliographical references and index. 
505 0 |a Time for a reset -- Sustainable management -- Strategies for sustainable effectiveness -- Developing a strategy -- Board governance -- Structures for sustainable effectiveness -- Sustainable work systems -- Managing performance -- Reward systems -- Managing talent -- Leading, managing, and following -- Transforming to sustainable management. 
520 |a Provocative new management principles and practices that create effective organizations for shareholders and society. Management experts Lawler and Worley have developed a set of management principles that enable organizations to be both successful and responsible. Existing command andcontrol and high-involvement management styles depend too much on stable conditions and focus too narrowly on economic outcomes. They convincingly argue that we need to "reset" our approach to management to one that fits today's demanding business environment. Starting with a change in how success is measured and a more realistic view of risk, Lawler and Worley take us through how strategy, governance, organization structure and talent should be managed. The result is an organization that can reliable produce financial, social, and ecological results. Includes illustrative lessons from Microsoft, Cisco, Netflix, DaVita, Starbucks, Nokia and the U.S. Secret Service. Offers clear prescriptions for managers who want to organize for sustainable performance effectiveness. Lawler and Worley are the authors of the bestselling Built to Change. Lawler and Worley outline why and how the current practice of management must change in order for organizations to achieve sustained organizational effectiveness. 
650 0 |a Organizational effectiveness. 
650 0 |a Management. 
650 0 |a Sustainable development. 
700 1 |a Worley, Christopher G. 
700 1 |a Creelman, David. 
945 |a PromptCat 
948 |a cataloged  |b h  |c 2013/1/14  |d c  |e dmitchel  |f 8:20:10 am 
994 |a C0  |b TXA 
999 |a MARS 
999 f f |s 39aa58b2-ebed-38e8-9c54-ae4dc660aa8c  |i 92df5173-9fd3-3f4e-8507-f7be95c3db5a  |t 0 
952 f f |p ric  |a Texas A&M University  |b Rellis Campus  |c Joint Library Facility  |d Remote Storage  |t 0  |e HD58.9 .L389 2011  |h Library of Congress classification  |i unmediated -- volume  |m A14838076294 
998 f f |a HD58.9 .L389 2011  |t 0  |l Remote Storage